Problémy formovania regionálnej politiky v podmienkach transformácie ekonomiky SR
Enregistré dans:
| Auteur principal: | |
|---|---|
| Autres auteurs: | |
| Format: | Chapitre de livre |
| Langue: | slovaque |
| Tags: |
Pas de tags, Soyez le premier à ajouter un tag!
|
MARC
| LEADER | 00000naa$a2200000$$$4500 | ||
|---|---|---|---|
| 001 | 0096688 | ||
| 005 | 20240502072055.8 | ||
| 041 | 0 | |a slo | |
| 044 | |a SK | ||
| 245 | 1 | 0 | |a Problémy formovania regionálnej politiky v podmienkach transformácie ekonomiky SR |c Mária Farkašovská, Monika Bačová |
| 100 | 1 | |a Farkašovská, Mária | |
| 700 | 1 | |a Bačová, Monika | |